| 000 | 00369nam a2200133Ia 4500 | ||
|---|---|---|---|
| 008 | 240624s9999 xx 000 0 und d | ||
| 041 | _aeng | ||
| 082 | _a658.4063 CAR | ||
| 100 | _aCARRIER MICHAEL A | ||
| 245 | _aINNOVATION FOR THE 21ST CENTURY HARNESSI | ||
| 260 |
_c2009 _aOxford _bOxford University Press |
||
| 300 | _avii, : 412 : p. : cm. ; 24 | ||
| 365 |
_cGBP _b29 |
||
| 999 |
_c24152 _d24152 |
||